Tanzania : 2002 Article IV Consultation, Fifth Review Under the Poverty Reduction and Growth Facility and Request for an Extension of the Arrangement and Waiver of Performance Criterion-Staff Report; Public Information Notice and News Brief on the Executive Board Discussion; and Statement by the Executive Director for Tanzania.

This paper examines Tanzania's 2002 Article IV Consultation, Fifth Review Under the Poverty Reduction and Growth Facility (PRGF) and a Request for an Extension of the Arrangement and Waiver of Performance Criterion. Tanzania's performance under the PRGF-supported program has been broadly o...

Fuld beskrivelse

Bibliografiske detaljer
Institution som forfatter: International Monetary Fund
Format: Tidsskrift
Sprog:English
Udgivet: Washington, D.C. : International Monetary Fund, 2003.
Serier:IMF Staff Country Reports; Country Report ; No. 2003/001
Online adgang:Full text available on IMF
LEADER 02014cas a2200241 a 4500
001 AALejournalIMF008365
008 230101c9999 xx r poo 0 0eng d
020 |c 5.00 USD 
020 |z 9781451838312 
022 |a 1934-7685 
040 |a BD-DhAAL  |c BD-DhAAL 
110 2 |a International Monetary Fund. 
245 1 0 |a Tanzania :   |b 2002 Article IV Consultation, Fifth Review Under the Poverty Reduction and Growth Facility and Request for an Extension of the Arrangement and Waiver of Performance Criterion-Staff Report; Public Information Notice and News Brief on the Executive Board Discussion; and Statement by the Executive Director for Tanzania. 
264 1 |a Washington, D.C. :  |b International Monetary Fund,  |c 2003. 
300 |a 1 online resource (92 pages) 
490 1 |a IMF Staff Country Reports 
500 |a <strong>Off-Campus Access:</strong> No User ID or Password Required 
500 |a <strong>On-Campus Access:</strong> No User ID or Password Required 
506 |a Electronic access restricted to authorized BRAC University faculty, staff and students 
520 3 |a This paper examines Tanzania's 2002 Article IV Consultation, Fifth Review Under the Poverty Reduction and Growth Facility (PRGF) and a Request for an Extension of the Arrangement and Waiver of Performance Criterion. Tanzania's performance under the PRGF-supported program has been broadly on track. All the qualitative performance criteria through end-June 2002 were observed, but quantitative benchmarks on reserve money, extrabudgetary expenditure, and the accumulation of domestic budgetary arrears were not met. One structural performance criterion, relating to the amendment of legislation to tighten approval procedures for incurring or guaranteeing new foreign borrowing, was not observed. 
538 |a Mode of access: Internet 
830 0 |a IMF Staff Country Reports; Country Report ;  |v No. 2003/001 
856 4 0 |z Full text available on IMF  |u http://elibrary.imf.org/view/journals/002/2003/001/002.2003.issue-001-en.xml  |z IMF e-Library